BUBT Library Online Catalog

Compensation Management in a Knowledge Based World (Record no. 2286)

000 -LEADER
fixed length control field 00707nam a2200229Ia 4500
003 - CONTROL NUMBER IDENTIFIER
control field BUBTL
008 - FIXED-LENGTH DATA ELEMENTS--GENERAL INFORMATION
fixed length control field 151213s9999 xx 000 0 und d
020 ## - INTERNATIONAL STANDARD BOOK NUMBER
International Standard Book Number 978-81-317-1110-1
082 ## - DEWEY DECIMAL CLASSIFICATION NUMBER
Classification number 658
Item number HEC
100 ## - MAIN ENTRY--PERSONAL NAME
Personal name Richard I.Henderson
9 (RLIN) 2761
245 ## - TITLE STATEMENT
Title Compensation Management in a Knowledge Based World
Statement of responsibility, etc. Richard I.Henderson
250 ## - EDITION STATEMENT
Edition statement 10th
260 ## - PUBLICATION, DISTRIBUTION, ETC. (IMPRINT)
Place of publication, distribution, etc. New Delhi
Name of publisher, distributor, etc. Pearson Education
Date of publication, distribution, etc. 2006
300 ## - PHYSICAL DESCRIPTION
Extent [xvii] , 550p . :
Other physical details ill , Chart ,Table ; 28cm.
Dimensions Management.
500 ## - GENERAL NOTE
General note Includes Index.
650 ## - SUBJECT ADDED ENTRY--TOPICAL TERM
Topical term or geographic name as entry element Management
9 (RLIN) 2762
650 ## - SUBJECT ADDED ENTRY--TOPICAL TERM
Topical term or geographic name as entry element Management
9 (RLIN) 2762
700 ## - ADDED ENTRY--PERSONAL NAME
Personal name Richard I.Henderson
9 (RLIN) 2761
856 ## - ELECTRONIC LOCATION AND ACCESS
Password 0
Logon 0
Link text Download
942 ## - ADDED ENTRY ELEMENTS (KOHA)
Source of classification or shelving scheme
Koha item type Books
Holdings
Withdrawn status Lost status Source of classification or shelving scheme Damaged status Not for loan Collection code Permanent location Current location Shelving location Date acquired Inventory number Total Checkouts Full call number Barcode Date last seen Copy number Price effective from Koha item type
          Non-fiction Bangladesh University of Business and Technology Library Bangladesh University of Business and Technology Library Management Stacks 10/25/2017 14873   658 HEC BUBTL-200314873 10/25/2017 C-1 10/25/2017 Books
          Non-fiction Bangladesh University of Business and Technology Library Bangladesh University of Business and Technology Library Management Stacks 10/25/2017 14874   658 HEC BUBTL-200314874 10/25/2017 C-2 10/25/2017 Books
        Not For Loan Non-fiction Bangladesh University of Business and Technology Library Bangladesh University of Business and Technology Library Management Stacks 10/25/2017 14875   658 HEC BUBTL-200314875 10/25/2017 C-3 10/25/2017 Books
        Not For Loan Non-fiction Bangladesh University of Business and Technology Library Bangladesh University of Business and Technology Library Management Stacks 12/24/2019 14876   658 HEC BUBTL-200314876 12/24/2019 C-4 12/24/2019 Books
          Non-fiction Bangladesh University of Business and Technology Library Bangladesh University of Business and Technology Library Management Stacks 12/24/2019 14872   658 HEC BUBTL-200314872 10/14/2022 C-5 12/24/2019 Books

More Information About Library

Library Hours

  • Open: 9.00 am. to 9.00 pm.
  • Only Sunday: 9.00 am. to 6.00 pm.
  • Closed: Holiday

Contact to the University

Bangladesh University of Business and Technology Library

  • Mirpurl-2, 1216.
  • Phone:
  • Fax:
  • E-Mail: admin.library@bubt.edu.bd

Contact to the Library

Contact Person:

Md. Abdul Hakim Shah
Joint Librarian
PABX No:  113
Cell No: 01816332931
E-mail: official: admin.library@bubt.edu.bd
Personal: hakim.shah@bubt.edu.bd


BUBT Library

Copyright © 2021